| 000 | 00619nam a22002417a 4500 | ||
|---|---|---|---|
| 003 | UA-OsUOA | ||
| 001 | 25786 | ||
| 007 | ta | ||
| 008 | 20040427b un ||||| |||| 00| 0 ukr d | ||
| 100 | _aКоротков И.А. | ||
| 090 |
_a355.01 _bК68 |
||
| 942 | _cBK | ||
| 040 |
_aUA-OsUOA _brus _cUA-OsUOA _dUA-OsUOA |
||
| 245 |
_aИстория советской военной мысли _bКраткий очерк 1917- июнь 1941 |
||
| 300 | _a271 с. | ||
| 955 | _a0 | ||
| 041 | _arus | ||
| 080 | _a355.01 | ||
| 260 |
_aМосква _bНаука _c1980 |
||
| 044 | _aRU | ||
| 650 | 7 | _2UDC | |
| 999 |
_c312088 _d312088 |
||